| 000 | 00628nam a2200169 i 4500 | ||
|---|---|---|---|
| 001 | 47207 | ||
| 003 | ES-MaACL | ||
| 005 | 20230906161524.0 | ||
| 007 | t| | ||
| 008 | 030404q1956 sp ||||1| spa d | ||
| 245 | 0 | 0 | _aConvenio relativo al sostenimiento financiero de la Patrulla de Hielo del Atlántico Norte, Washington, 4 de enero 1956. |
| 260 |
_aMadrid : _b[s.n., _c1956] ( _fImp. del Ministerio de Asuntos Exteriores) |
||
| 300 |
_a6 p. ; _c23 cm. |
||
| 500 | _aPrecede al tít.: Ministerio de Asuntos Exteriores. | ||
| 710 | 0 | 0 |
_aEspaña. _bMinisterio de Asuntos Exteriores. _93845 |
| 852 |
_aES-MaACL _j1587-F-2 _bR.42850 |
||
| 999 |
_c47207 _d47207 |
||